| 000 | 01291nam a2200349 c 4500 | ||
|---|---|---|---|
| 003 | BLK | ||
| 005 | 20180422095122.0 | ||
| 008 | 180413b bul|||||r ||||||| ||bul|| | ||
| 010 | _aKNG00022232000 | ||
| 040 | _aBLK | ||
| 041 |
_aBUL _cBUL |
||
| 080 |
_aРибовъдство _b639.3 _x.045(035) _z639.3.045(035) |
||
| 100 | 1 |
_aФолкер, Себастиан _eпърви автор _9365477 |
|
| 700 | 1 |
_aАндреева, Райна _eпрев. от нем. _9365478 |
|
| 139 |
_aФолкер, Себастиан _bФ 69 |
||
| 245 | 1 | 0 |
_aАквариумни риби _cСебастиан Фолкер; прев. от нем. Райна Андреева. |
| 257 | _aDEU | ||
| 260 |
_аСофия _bЕмас _c1998 _fСофия : Балкан прес |
||
| 300 |
_a176 с. _bс ил., 8 л. цв. ил. _c20 см |
||
| 380 | _a63 | ||
| 490 | 1 | _aДомашни любимци | |
| 500 | _aОриг. загл. Unser erstes aquarium / Sebastian Volker. - 3 000 тир. | ||
| 650 | 4 |
_aАквариуми _9146636 |
|
| 650 | 4 |
_aРиби, декоративни _9264344 |
|
| 650 | 4 |
_aЖивотни, домашни _9247829 |
|
| 653 | _aриби | ||
| 852 | _aЦб 195901 | ||
| 856 | 4 |
_qpdf _u |
|
| 856 | 4 |
_qpdf _u |
|
| 942 |
_cKNG _n0 |
||
| 944 |
_aCR _c15.01.2003 _kКети_Илиева |
||
| 944 |
_aED _c30.09.2015 _kКети_Илиева |
||
| 999 |
_c20042 _d20042 |
||